[Event "Frankfurt Ch A 2016"]
[Site "Ffm-Höchst, BiKuZ"]
[Date "2016.04.25"]
[Round "1.30"]
[White "Staeger, Tim"]
[Black "Kellerwessel, Ralf"]
[Result "1/2-1/2"]
[WhiteElo "1621"]
[BlackElo "1923"]
[PlyCount "85"]
[EventDate "2016.??.??"]
[WhiteTeam "SF Frankfurt"]
[BlackTeam "SC Bad Soden"]

1. e4 e6 2. d4 d5 3. Nd2 Nf6 4. e5 Nfd7 5. Ngf3 c5 6. c3 Nc6 7. Be2 Be7 8. O-O
O-O 9. Qc2 b6 10. Re1 Bb7 11. Nf1 Rc8 12. dxc5 bxc5 13. Bf4 a6 14. Rad1 h6 15.
h3 Kh8 16. N1h2 g5 17. Bg3 Kg7 18. Ng4 Rh8 19. Qd2 Qg8 20. h4 h5 21. Nf6 Bxf6
22. exf6+ Kxf6 23. Qxg5+ Qxg5 24. Nxg5 Ne7 25. Ne4+ dxe4 26. Rxd7 Bc6 27. Ra7
Nf5 28. Bxa6 Ra8 29. Rxa8 Rxa8 30. Bc4 Rg8 31. Kh2 e3 32. Bf1 Rg4 33. Kh3 Nxg3
34. fxg3 Re4 35. Be2 Re5 36. b4 cxb4 37. cxb4 Ke7 38. g4 Re4 39. gxh5 Rxb4 40.
Bf3 Bxf3 41. gxf3 Ra4 42. Rxe3 Rxa2 43. f4 1/2-1/2

[Event "Frankfurt Ch A 2016"]
[Site "Ffm-Höchst, BiKuZ"]
[Date "2016.04.25"]
[Round "1.31"]
[White "Egenolf, Dirk"]
[Black "Bratmann, Marc"]
[Result "1-0"]
[WhiteElo "1911"]
[BlackElo "1601"]
[PlyCount "85"]
[EventDate "2016.??.??"]
[WhiteTeam "SK Niederbrechen"]
[BlackTeam "TuS Dotzheim"]

1. Nf3 d5 2. g3 Nf6 3. Bg2 g6 4. d3 Bg7 5. O-O O-O 6. Nbd2 Re8 7. Re1 e5 8. e4
dxe4 9. dxe4 Nc6 10. c3 b6 11. Qc2 a5 12. Nc4 b5 13. Ne3 h6 14. Nh4 Rb8 15. Bd2
Be6 16. Rad1 Qe7 17. Nd5 Qd8 18. Be3 Kh7 19. Qc1 Bxd5 20. exd5 Ne7 21. b3 Nc8
22. c4 bxc4 23. bxc4 Ng4 24. Bd2 a4 25. Qc2 Qd7 26. Bh3 f5 27. Bxg4 fxg4 28.
Qxg6+ Kg8 29. Bxh6 Rb6 30. Qxg7+ Qxg7 31. Bxg7 Kxg7 32. Re4 Rb2 33. Rxg4+ Kf7
34. Ra1 a3 35. Nf5 Kf6 36. Ne3 Nd6 37. c5 Nb5 38. Ra4 Kg5 39. h4+ Kh5 40. Nc4
Rc2 41. Nxa3 Nxa3 42. Rxa3 Rf8 43. Rf1 1-0

[Event "Frankfurt Ch A 2016"]
[Site "Ffm-Höchst, BiKuZ"]
[Date "2016.04.25"]
[Round "1.32"]
[White "Wagner, Günter"]
[Black "Kuhn, Gerhard"]
[Result "1/2-1/2"]
[WhiteElo "1592"]
[BlackElo "1901"]
[PlyCount "55"]
[EventDate "2016.??.??"]
[WhiteTeam "SV Groß-Gerau"]
[BlackTeam "SK Marburg"]

1. Nf3 Nf6 2. g3 g6 3. Bg2 d5 4. c4 Bg7 5. O-O O-O 6. d3 c6 7. Nbd2 Qc7 8. cxd5
Nxd5 9. Nc4 Nd7 10. d4 N7b6 11. b3 Bg4 12. Nce5 Bf5 13. Nh4 Bxe5 14. Nxf5 gxf5
15. dxe5 Qxe5 16. Bh6 Rfd8 17. e4 Ne3 18. Qh5 Nxf1 19. Qg5+ Kh8 20. Rxf1 Qf6
21. Qe3 Rd7 22. Bh3 Rad8 23. Bxf5 Rd3 24. Bg5 Qe5 25. Qe2 Nc8 26. Qh5 Qg7 27.
e5 R3d5 28. f4 1/2-1/2

[Event "Frankfurt Ch A 2016"]
[Site "Ffm-Höchst, BiKuZ"]
[Date "2016.04.25"]
[Round "1.33"]
[White "Rutsatz, Mario"]
[Black "Winter, Olaf"]
[Result "1-0"]
[WhiteElo "1900"]
[BlackElo "1587"]
[PlyCount "52"]
[EventDate "2016.??.??"]
[WhiteTeam "SF Frankfurt"]
[BlackTeam "SK Bad Homburg"]

1. Nf3 c5 2. g3 g6 3. Bg2 Bg7 4. O-O d5 5. c4 e6 6. d4 cxd4 7. Nxd4 Ne7 8. Nc3
e5 9. Nf3 d4 10. Ne4 O-O 11. e3 f5 12. Nc5 Qb6 13. exd4 exd4 14. Nd3 Nbc6 15.
Re1 Bd7 16. c5 Qd8 17. Qb3+ Kh8 18. Ng5 Be8 19. Ne6 Qd7 20. Nxf8 Bxf8 21. Bg5
h6 22. Bf6+ Kh7 23. Ne5 Nxe5 24. Bxe5 Nc6 25. Bd6 Bxd6 26. cxd6 Qxd6 1-0

[Event "Frankfurt Ch A 2016"]
[Site "Ffm-Höchst, BiKuZ"]
[Date "2016.04.25"]
[Round "1.34"]
[White "Bergner, Matthias"]
[Black "Beinrucker, Clemens"]
[Result "1/2-1/2"]
[WhiteElo "1571"]
[BlackElo "1899"]
[PlyCount "86"]
[EventDate "2016.??.??"]
[WhiteTeam "SV Neu-Isenburg"]
[BlackTeam "SK Niederbrechen"]

1. d4 Nf6 2. e3 e6 3. Nf3 b6 4. g3 Bb7 5. Bg2 c5 6. dxc5 Bxc5 7. O-O O-O 8. b3
d5 9. Bb2 Nbd7 10. Nbd2 Rc8 11. c4 Ba6 12. Rc1 Be7 13. Re1 dxc4 14. Nxc4 Bxc4
15. Rxc4 Rxc4 16. bxc4 Qc7 17. Qe2 Rc8 18. Rc1 Ne4 19. Nd2 Nxd2 20. Qxd2 Nc5
21. Qc2 Na6 22. Qe4 Nb4 23. a3 Nc6 24. Qg4 Bf8 25. Qf4 Qxf4 26. exf4 Na5 27.
Bf1 Rd8 28. Rc2 Bc5 29. Kg2 Nc6 30. Be2 f6 31. Bf3 Ne7 32. Kf1 Kf7 33. Ke2 Nf5
34. a4 a5 35. Bc6 Ke7 36. Bc3 Bd4 37. Be1 e5 38. g4 Nh6 39. fxe5 Nxg4 40. exf6+
Nxf6 41. f3 Kd6 42. Bb5 Kc5 43. Bg3 Ne8 1/2-1/2

[Event "Frankfurt Ch A 2016"]
[Site "Ffm-Höchst, BiKuZ"]
[Date "2016.04.25"]
[Round "1.35"]
[White "Zimpfer, Andreas"]
[Black "Löhr, Holger"]
[Result "1-0"]
[WhiteElo "1894"]
[BlackElo "1556"]
[PlyCount "108"]
[EventDate "2016.??.??"]
[WhiteTeam "SC Matt im Park"]
[BlackTeam "SF Braunfels"]

1. d4 Nf6 2. c4 g6 3. Nc3 Bg7 4. e4 d6 5. f3 c5 6. Nge2 cxd4 7. Nxd4 O-O 8. Be3
Nc6 9. Nc2 Be6 10. Be2 Qa5 11. O-O Rac8 12. Rb1 Ne5 13. b4 Qd8 14. c5 Nc4 15.
Bd4 dxc5 16. bxc5 Qc7 17. Nd5 Bxd5 18. exd5 Ne5 19. Ne3 Rfd8 20. f4 Ned7 21.
Rc1 Ne4 22. Bxg7 Kxg7 23. Qd4+ Ndf6 24. Bg4 Ra8 25. Bf3 Nxc5 26. Rxc5 Qb6 27.
Rd1 Kg8 28. Nc4 Qb4 29. a3 Qb3 30. Qb2 Qxb2 31. Nxb2 Rd7 32. Nc4 b6 33. Rc6
Rad8 34. Ne5 Rb7 35. Kf2 Ne8 36. Ke3 f6 37. Nc4 Rbd7 38. a4 Nc7 39. d6 exd6 40.
Rcxd6 Rxd6 41. Rxd6 Rxd6 42. Nxd6 a6 43. Bc6 Kf8 44. g4 g5 45. f5 Kg7 46. Ne8+
Nxe8 47. Bxe8 Kf8 48. Bc6 Ke7 49. Bb7 a5 50. Kd4 Kd6 51. Be4 b5 52. axb5 Kc7
53. Kc5 a4 54. b6+ Kb8 1-0

[Event "Frankfurt Ch A 2016"]
[Site "Ffm-Höchst, BiKuZ"]
[Date "2016.04.25"]
[Round "1.36"]
[White "Lanz, Jürgen"]
[Black "Thomele, Michael"]
[Result "0-1"]
[WhiteElo "1554"]
[BlackElo "1885"]
[PlyCount "68"]
[EventDate "2016.??.??"]
[WhiteTeam "SC Hattersheim"]
[BlackTeam "SC Obernau"]

1. d4 d5 2. c4 e6 3. Nf3 Nf6 4. Nc3 Be7 5. e3 Nbd7 6. Bd3 O-O 7. cxd5 exd5 8.
O-O c6 9. Qc2 h6 10. Re1 Re8 11. e4 dxe4 12. Nxe4 Nxe4 13. Bxe4 Nf6 14. Bf5 Qa5
15. Re5 Qb6 16. b3 Nd5 17. Bb2 Bxf5 18. Qxf5 Bf6 19. Rxe8+ Rxe8 20. Ne5 Qb4 21.
Qh5 Re7 22. Qf3 Qd2 23. Ba3 Qxd4 24. Rd1 Qxe5 25. Bxe7 Qxe7 26. Kf1 a5 27. g3
g6 28. h4 h5 29. Kg2 Kg7 30. g4 hxg4 31. Qxg4 Bxh4 32. Rh1 Bg5 33. Kf1 Nf4 34.
Qd1 Qe4 0-1

[Event "Frankfurt Ch A 2016"]
[Site "Ffm-Höchst, BiKuZ"]
[Date "2016.04.25"]
[Round "1.37"]
[White "Schmitt, Roland"]
[Black "Hambel, Christoph"]
[Result "1-0"]
[WhiteElo "1881"]
[BlackElo "1543"]
[PlyCount "61"]
[EventDate "2016.??.??"]
[WhiteTeam "SK Großsachsen"]
[BlackTeam "Bad Vilbeler Sfr"]

1. d4 Nf6 2. c4 c5 3. d5 b5 4. cxb5 a6 5. bxa6 g6 6. Nc3 Bxa6 7. Nf3 d6 8. g3
Bg7 9. Bg2 O-O 10. O-O Nbd7 11. Rb1 Qc7 12. Re1 Rfc8 13. b3 Qa7 14. h3 Nh5 15.
Qc2 c4 16. b4 Nb6 17. Be3 Bxc3 18. Bxb6 Qxb6 19. Qxc3 Nxg3 20. Nd4 Nh5 21. a4
Nf4 22. a5 Qc7 23. b5 Bb7 24. Nc6 Bxc6 25. dxc6 Nxg2 26. Kxg2 Rxa5 27. Qxc4 Qb6
28. Rec1 e6 29. e3 e5 30. Qd3 Rb8 31. Qd5 1-0

[Event "Frankfurt Ch A 2016"]
[Site "Ffm-Höchst, BiKuZ"]
[Date "2016.04.25"]
[Round "1.38"]
[White "Popp, Matthias"]
[Black "Kretner, Georg-Ulrich"]
[Result "0-1"]
[WhiteElo "1534"]
[BlackElo "1880"]
[PlyCount "34"]
[EventDate "2016.??.??"]
[WhiteTeam "SC Bergen-Enkheim"]
[BlackTeam "SC Bad Nauheim"]

1. d4 g6 2. Nf3 Bg7 3. Bf4 Nf6 4. e3 O-O 5. Nbd2 d6 6. Bd3 c6 7. c3 Nbd7 8. Qc2
Re8 9. O-O-O b5 10. h4 h5 11. Bxg6 fxg6 12. Qxg6 Nf8 13. Qc2 a5 14. Ng5 b4 15.
cxb4 axb4 16. Qxc6 Bf5 17. Nde4 Rc8 0-1

[Event "Frankfurt Ch A 2016"]
[Site "Ffm-Höchst, BiKuZ"]
[Date "2016.04.25"]
[Round "1.39"]
[White "Pabel, Ralph"]
[Black "Gude, Michael"]
[Result "1-0"]
[WhiteElo "1867"]
[BlackElo "1532"]
[PlyCount "73"]
[EventDate "2016.??.??"]
[WhiteTeam "SK Mainaschaff"]
[BlackTeam "SF Fürth"]

1. d4 e6 2. c4 f5 3. g3 Nf6 4. Bg2 Bb4+ 5. Nd2 O-O 6. a3 Be7 7. Nh3 a5 8. b3
Qe8 9. Nf3 d6 10. Nf4 Ne4 11. h4 Bf6 12. Bb2 c5 13. e3 Nc6 14. Qc2 Rb8 15. d5
Bxb2 16. Qxb2 exd5 17. Nxd5 b5 18. Nc7 Qe7 19. Nxb5 Ba6 20. a4 Nb4 21. Rd1 Bxb5
22. axb5 Rfd8 23. O-O d5 24. Qa1 Qa7 25. Ne5 dxc4 26. Rxd8+ Rxd8 27. Rd1 Qc7
28. Nxc4 h6 29. Bf3 g5 30. hxg5 hxg5 31. Rxd8+ Qxd8 32. Qxa5 Qb8 33. b6 Nd3 34.
Qa7 Qd8 35. b7 Nexf2 36. Qa8 Nh3+ 37. Kh2 1-0

[Event "Frankfurt Ch A 2016"]
[Site "Ffm-Höchst, BiKuZ"]
[Date "2016.04.25"]
[Round "1.40"]
[White "Lehmann, Gerit"]
[Black "Krüger, Till"]
[Result "0-1"]
[WhiteElo "1516"]
[BlackElo "1865"]
[PlyCount "38"]
[EventDate "2016.??.??"]
[WhiteTeam "SF Frankfurt"]
[BlackTeam "SC Nidderau"]

1. d4 Nf6 2. c4 g6 3. Nc3 Bg7 4. Nf3 d6 5. h3 O-O 6. Bf4 Nbd7 7. e3 c5 8. Qc2
cxd4 9. exd4 e5 10. Be3 a6 11. O-O-O Qc7 12. dxe5 Nxe5 13. Nxe5 dxe5 14. Nd5
Nxd5 15. Rxd5 Be6 16. Rd2 Qa5 17. Kb1 b5 18. Be2 bxc4 19. a3 Bf5 0-1

[Event "Frankfurt Ch A 2016"]
[Site "Ffm-Höchst, BiKuZ"]
[Date "2016.04.25"]
[Round "1.41"]
[White "Göbel, Andreas"]
[Black "Crnjac, Zdravko"]
[Result "0-1"]
[WhiteElo "1864"]
[BlackElo "1516"]
[PlyCount "70"]
[EventDate "2016.??.??"]
[WhiteTeam "SC Brett vorm Kopp"]
[BlackTeam "Berkershm"]

1. c4 d6 2. d4 e6 3. Nf3 h6 4. Nc3 a6 5. e4 b6 6. Be2 Ne7 7. Be3 Nd7 8. O-O g5
9. b4 Ng6 10. Qd3 Bb7 11. Nd2 e5 12. g3 Rg8 13. d5 Nf6 14. Nb3 Bc8 15. f3 Bh3
16. Rf2 Nh5 17. Bf1 Qd7 18. c5 b5 19. cxd6 Bxd6 20. Nc5 Qc8 21. a4 bxa4 22.
Rxa4 Ngf4 23. Qc4 Bxf1 24. Qxf1 Nh3+ 25. Kg2 Nxf2 26. Bxf2 Ke7 27. Nxa6 g4 28.
f4 exf4 29. e5 Bxe5 30. Qe2 f6 31. Nxc7 Rxa4 32. d6+ Kf7 33. Qc4+ Kg6 34. N3d5
Bxd6 35. Qd3+ Qf5 0-1

[Event "Frankfurt Ch A 2016"]
[Site "Ffm-Höchst, BiKuZ"]
[Date "2016.04.25"]
[Round "1.42"]
[White "Schindehütte, Frank"]
[Black "Makilla, Tobias"]
[Result "0-1"]
[WhiteElo "1510"]
[BlackElo "1864"]
[PlyCount "40"]
[EventDate "2016.??.??"]
[WhiteTeam "VfL Goldstein"]
[BlackTeam "SC Hattersheim"]

1. f4 d5 2. c4 Nf6 3. d4 Nc6 4. Nc3 Bf5 5. Nf3 e6 6. a3 Ne4 7. Qb3 dxc4 8. Qxc4
Nxc3 9. Qxc3 Be4 10. e3 Bxf3 11. gxf3 Qh4+ 12. Ke2 Bd6 13. Qb3 O-O-O 14. f5
exf5 15. Qxf7 g6 16. Bd2 Rhe8 17. Kd3 Bb4 18. Qb3 Bxd2 19. Kxd2 Qf2+ 20. Be2
Nxd4 0-1

[Event "Frankfurt Ch A 2016"]
[Site "Ffm-Höchst, BiKuZ"]
[Date "2016.04.25"]
[Round "1.43"]
[White "Cors, Heinz-Friedrich"]
[Black "Richter, Wolfram"]
[Result "1-0"]
[WhiteElo "1857"]
[BlackElo "1510"]
[PlyCount "67"]
[EventDate "2016.??.??"]
[WhiteTeam "Schachforum Darmstadt"]
[BlackTeam "SK Bad Sooden-Allendorf"]

1. e4 d6 2. d4 g6 3. Nc3 Bg7 4. f4 Nf6 5. Nf3 Bg4 6. Bd3 c5 7. e5 dxe5 8. dxe5
Nfd7 9. O-O Nc6 10. h3 Be6 11. Kh1 h5 12. Ng5 Bf5 13. Bxf5 gxf5 14. e6 Nd4 15.
exd7+ Qxd7 16. Ne2 Qc6 17. c3 Ne6 18. Nxe6 fxe6 19. Ng1 Rd8 20. Qe2 Kf7 21. Nf3
Kg8 22. Be3 h4 23. Rad1 Rd5 24. Ng5 Rh6 25. Bf2 Qd7 26. Bxc5 e5 27. Rxd5 Qxd5
28. Bxe7 Qd7 29. Qc4+ Kh8 30. Nf7+ Kh7 31. Nxh6 Bxh6 32. Qf7+ Bg7 33. Qh5+ Kg8
34. Bxh4 1-0

[Event "Frankfurt Ch A 2016"]
[Site "Ffm-Höchst, BiKuZ"]
[Date "2016.04.25"]
[Round "1.44"]
[White "Kletzerman, Simon"]
[Black "Brehme, Ralf-Peter"]
[Result "0-1"]
[WhiteElo "1509"]
[BlackElo "1856"]
[PlyCount "90"]
[EventDate "2016.??.??"]
[WhiteTeam "TuS Makkabi"]
[BlackTeam "Vorw.Orient Mainz"]

1. e4 d5 2. exd5 Qxd5 3. Nc3 Qa5 4. Nf3 c6 5. Be2 Nf6 6. Nd4 Qb6 7. Nb3 Bf5 8.
d3 e6 9. Be3 Qc7 10. g4 Bg6 11. h4 h5 12. g5 Nd5 13. Qd2 Nxe3 14. Qxe3 Bd6 15.
Nc5 Bf5 16. Bf3 Nd7 17. Nxd7 Qxd7 18. Ne2 Bb4+ 19. Kf1 Qd6 20. Ng3 Bg6 21. Ne4
Bxe4 22. Bxe4 Bc5 23. Qd2 O-O-O 24. Rd1 f5 25. Bg2 e5 26. c3 e4 27. d4 Bb6 28.
b4 Rhe8 29. Rh3 f4 30. f3 e3 31. Qe2 c5 32. Rc1 cxd4 33. cxd4+ Kb8 34. a3 Qxd4
35. Kg1 Qe5 36. Rh1 Rd2 37. Qc4 e2+ 38. Kh2 Bf2 39. Qe4 Qxe4 40. fxe4 e1=Q 41.
Rhxe1 Bxe1 42. Rxe1 f3 43. Kg3 fxg2 44. Rg1 Rxe4 45. Rxg2 Rg4+ 0-1

[Event "Frankfurt Ch A 2016"]
[Site "Ffm-Höchst, BiKuZ"]
[Date "2016.04.25"]
[Round "1.45"]
[White "Zimmer, Gerald"]
[Black "Kiel, Gerhard"]
[Result "1-0"]
[WhiteElo "1854"]
[BlackElo "1466"]
[PlyCount "57"]
[EventDate "2016.??.??"]
[WhiteTeam "SC Bergen-Enkheim"]
[BlackTeam "vereinslos"]

1. d4 g6 2. g3 Bg7 3. Bg2 d6 4. Nf3 Nf6 5. O-O O-O 6. c4 Nc6 7. Nc3 e5 8. dxe5
dxe5 9. Bg5 Be6 10. Nd5 Bxd5 11. cxd5 Qxd5 12. Qa4 e4 13. Rfd1 Qf5 14. Bxf6
Bxf6 15. Ne1 Rfe8 16. Nc2 Qe6 17. Ne3 b5 18. Qa6 Rad8 19. Rac1 Rxd1+ 20. Nxd1
Nd4 21. Qxe6 Rxe6 22. Kf1 c6 23. Bh3 Rd6 24. Nc3 Bg5 25. e3 f5 26. Rd1 c5 27.
exd4 Rxd4 28. Rxd4 cxd4 29. Nxb5 1-0

[Event "Frankfurt Ch A 2016"]
[Site "Ffm-Höchst, BiKuZ"]
[Date "2016.04.25"]
[Round "1.46"]
[White "Lopez, Victor"]
[Black "Vega Lopez de Nava, Cesar Octavi"]
[Result "0-1"]
[WhiteElo "1455"]
[BlackElo "1845"]
[PlyCount "44"]
[EventDate "2016.??.??"]
[WhiteTeam "SC Höchst"]
[BlackTeam "SV Rüsselsheim"]

1. e4 c5 2. b3 d5 3. Bb5+ Bd7 4. Bxd7+ Qxd7 5. exd5 Nf6 6. c4 b5 7. d3 e6 8.
dxe6 Qd4 9. Qf3 Bd6 10. Ne2 Qxa1 11. exf7+ Kxf7 12. Qxa8 Re8 13. O-O Qxb1 14.
Bf4 Qxd3 15. Bxd6 Qxd6 16. Nc3 bxc4 17. Qxa7+ Re7 18. Qa4 cxb3 19. Qxb3+ Kf8
20. h3 Nc6 21. Qb6 Nd5 22. Rd1 Re1+ 0-1

[Event "Frankfurt Ch A 2016"]
[Site "Ffm-Höchst, BiKuZ"]
[Date "2016.04.25"]
[Round "1.47"]
[White "Hochmuth, Christian"]
[Black "Ketting, Douwe"]
[Result "1-0"]
[WhiteElo "1839"]
[BlackElo "1451"]
[PlyCount "79"]
[EventDate "2016.??.??"]
[WhiteTeam "SG Wächtersbach"]
[BlackTeam "SC Somborn"]

1. c4 Nf6 2. Nc3 g6 3. g3 Bg7 4. Bg2 d6 5. d3 c5 6. a3 O-O 7. Nf3 Nc6 8. O-O
Qc7 9. Rb1 a6 10. Bd2 Rb8 11. b4 cxb4 12. axb4 b5 13. cxb5 axb5 14. e3 e5 15.
Qe2 Be6 16. Rfc1 Qb6 17. Ng5 d5 18. Nxe6 fxe6 19. Qd1 Ne7 20. Rc2 d4 21. Ne4
Nfd5 22. Nc5 Qd6 23. Bh3 Rf6 24. e4 Nc7 25. Ra1 Nc6 26. Qc1 Rb6 27. Qb2 h6 28.
Qb3 Kh7 29. Rac1 g5 30. Bg4 Bf8 31. Nb7 Rxb7 32. Rxc6 Qe7 33. Qa2 Kg6 34. Be1
h5 35. Bd1 g4 36. Qe2 Bh6 37. R1c5 Qd7 38. h3 Rf3 39. hxg4 hxg4 40. Qc2 1-0

[Event "Frankfurt Ch A 2016"]
[Site "Ffm-Höchst, BiKuZ"]
[Date "2016.04.25"]
[Round "1.48"]
[White "Bernhardt, Winfried"]
[Black "Grossjohann, Daniel"]
[Result "0-1"]
[WhiteElo "1411"]
[BlackElo "1838"]
[PlyCount "94"]
[EventDate "2016.??.??"]
[WhiteTeam "SV Nauheim"]
[BlackTeam "SC Bad Soden"]

1. e4 c5 2. Nf3 d6 3. Bc4 e6 4. Nc3 Nc6 5. a3 Nf6 6. O-O Be7 7. d3 h6 8. Re1 a6
9. d4 cxd4 10. Nxd4 O-O 11. Nxc6 bxc6 12. Bb3 e5 13. h3 Qc7 14. Re3 Be6 15.
Bxe6 fxe6 16. Rg3 Kh7 17. Qe2 d5 18. exd5 exd5 19. Bd2 Bc5 20. Rf1 e4 21. Kh1
Rae8 22. Na4 Ba7 23. f4 exf3 24. Qd3+ Ne4 25. Rgxf3 Kg8 26. Rxf8+ Rxf8 27.
Rxf8+ Kxf8 28. Qf3+ Kg8 29. Bf4 Qe7 30. Bg3 Qg5 31. Kh2 Qc1 32. h4 Bg1+ 33. Kh3
Qxc2 34. Nc3 Nf2+ 35. Bxf2 Qxf2 36. Qxf2 Bxf2 37. b3 Bd4 38. Nd1 Kf7 39. Kg4
Kf6 40. Kf3 Kf5 41. g4+ Ke5 42. h5 a5 43. Ne3 Bxe3 44. Kxe3 c5 45. a4 Kf6 46.
Kf4 d4 47. Ke4 Kg5 0-1

[Event "Frankfurt Ch A 2016"]
[Site "Ffm-Höchst, BiKuZ"]
[Date "2016.04.25"]
[Round "1.49"]
[White "Menning, Uwe"]
[Black "Lessmann, Sven"]
[Result "1-0"]
[WhiteElo "1837"]
[BlackElo "1401"]
[PlyCount "125"]
[EventDate "2016.??.??"]
[WhiteTeam "FC Bierstadt"]
[BlackTeam "SC Bad Soden"]

1. d4 Nf6 2. Nf3 g6 3. Bg5 Bg7 4. e3 O-O 5. Be2 d6 6. O-O Nbd7 7. c3 c5 8. Nbd2
b6 9. Ne1 Bb7 10. Bf3 d5 11. Be2 Ne4 12. Nxe4 dxe4 13. Bb5 a6 14. Bxd7 Qxd7 15.
dxc5 Rad8 16. Qxd7 Rxd7 17. cxb6 f6 18. Bf4 e5 19. Bg3 Rd2 20. b3 Rfd8 21. f3
R8d6 22. Rf2 Rxf2 23. Bxf2 Rxb6 24. Rd1 h5 25. Kf1 g5 26. Ke2 a5 27. Kd2 Kf7
28. Kc2 Ke6 29. Rd8 Ke7 30. Rd1 Bf8 31. f4 Ke6 32. fxg5 fxg5 33. Kb2 Be7 34.
Nc2 Ba6 35. Be1 Bd3 36. Na3 Rb8 37. c4 a4 38. Nb5 axb3 39. axb3 Bc5 40. Bd2 Rf8
41. Kc3 Rf2 42. b4 Be7 43. Nc7+ Kd7 44. Nd5 Bd8 45. Ra1 Rxg2 46. Ra7+ Ke6 47.
b5 Bxc4 48. Kxc4 Rxd2 49. Ra6+ Kf5 50. Ra8 Rc2+ 51. Kb4 Rb2+ 52. Kc5 Bf6 53.
Rf8 Rc2+ 54. Kb4 Rb2+ 55. Kc5 Rc2+ 56. Kd6 Rxh2 57. Rxf6+ Kg4 58. Rf1 h4 59.
Nf6+ Kh3 60. Rb1 Rd2+ 61. Nd5 g4 62. b6 g3 63. b7 1-0

[Event "Frankfurt Ch A 2016"]
[Site "Ffm-Höchst, BiKuZ"]
[Date "2016.04.25"]
[Round "1.50"]
[White "Grams, Thilo"]
[Black "Rennhack, Peer"]
[Result "0-1"]
[WhiteElo "1388"]
[BlackElo "1835"]
[PlyCount "72"]
[EventDate "2016.??.??"]
[WhiteTeam "SC Ketsch"]
[BlackTeam "Frankfurter TV"]

1. Nf3 Nf6 2. g3 g6 3. Bg2 Bg7 4. O-O O-O 5. d3 d5 6. Nbd2 d4 7. e4 dxe3 8.
fxe3 Ng4 9. Qe2 Nc6 10. h3 Nge5 11. Nxe5 Bxe5 12. Kh2 Qd6 13. Ne4 Qd8 14. d4
Bg7 15. c3 f5 16. Nc5 e5 17. d5 Ne7 18. Qc4 Qd6 19. e4 f4 20. gxf4 exf4 21. Rf3
g5 22. Nd3 Ng6 23. Qc5 Nh4 24. Rf2 Qh6 25. Qxc7 Nxg2 26. Rxg2 Bxh3 27. Rf2 Bf1+
28. Kg1 Bxd3 29. Rh2 Qb6+ 30. Qxb6 axb6 31. Bd2 Bxe4 32. Rd1 Rad8 33. c4 Bd4+
34. Kf1 Bd3+ 35. Kg2 f3+ 36. Kg3 Be5+ 0-1

[Event "Frankfurt Ch A 2016"]
[Site "Ffm-Höchst, BiKuZ"]
[Date "2016.04.25"]
[Round "1.51"]
[White "Winand, Edgar"]
[Black "Odabasi, Siddik"]
[Result "1-0"]
[WhiteElo "1828"]
[BlackElo "1393"]
[PlyCount "71"]
[EventDate "2016.??.??"]
[WhiteTeam "SC Flörsheim"]
[BlackTeam "Frankfurter TV"]

1. g4 e6 2. c4 d5 3. cxd5 exd5 4. Bg2 b6 5. Nc3 Bb7 6. Qb3 c6 7. d3 Nd7 8. Bf4
Nc5 9. Qc2 Bd6 10. Bg3 Ne7 11. b4 Ne6 12. a3 Qd7 13. e3 Bxg3 14. hxg3 d4 15.
Nd1 dxe3 16. Nxe3 O-O-O 17. Rd1 Kb8 18. Ne2 Nd4 19. Nxd4 Qxd4 20. O-O h5 21.
Qc4 Qf6 22. gxh5 Rxh5 23. Ng4 Qg6 24. Qf4+ Qd6 25. Qxf7 Rf5 26. Qc4 Nd5 27. d4
Rc8 28. Qd3 Rff8 29. Ne5 Nc7 30. Qg6 Qxg6 31. Nxg6 Rf6 32. Ne5 Rd8 33. Bh3 Rfd6
34. Nf7 Nd5 35. Nxd8 Rxd8 36. Rfe1 1-0

[Event "Frankfurt Ch A 2016"]
[Site "Ffm-Höchst, BiKuZ"]
[Date "2016.04.25"]
[Round "1.52"]
[White "Friedel, Thomas"]
[Black "Beinrucker, Markus"]
[Result "0-1"]
[WhiteElo "1388"]
[BlackElo "1824"]
[PlyCount "78"]
[EventDate "2016.??.??"]
[WhiteTeam "SV Groß-Gerau"]
[BlackTeam "SK Niederbrechen"]

1. e4 e6 2. d4 d5 3. exd5 exd5 4. Bd3 Bd6 5. Ne2 Nf6 6. Bf4 O-O 7. O-O Re8 8.
Bxd6 Qxd6 9. c3 Bg4 10. f3 Bh5 11. Na3 c6 12. Qd2 Nbd7 13. Qf4 Qxf4 14. Nxf4
Bg6 15. Rfe1 Nb6 16. b3 Kf8 17. Bxg6 hxg6 18. Rxe8+ Rxe8 19. Kf2 Nc8 20. Nc2
Nd6 21. Re1 g5 22. Rxe8+ Kxe8 23. Ne2 g4 24. f4 Nfe4+ 25. Ke3 Ke7 26. Kd3 Nf2+
27. Kd2 Nde4+ 28. Ke1 f5 29. Ne3 g6 30. Ng3 Nxg3 31. hxg3 Ne4 32. Nd1 Nxg3 33.
c4 Nh5 34. cxd5 cxd5 35. Nc3 Nxf4 36. g3 Ne6 37. Nxd5+ Kd6 38. Nf4 Nxf4 39.
gxf4 Kd5 0-1

[Event "Frankfurt Ch A 2016"]
[Site "Ffm-Höchst, BiKuZ"]
[Date "2016.04.25"]
[Round "1.53"]
[White "Worzelberger, Armin"]
[Black "Klikic, Drazen"]
[Result "1-0"]
[WhiteElo "1810"]
[BlackElo "1363"]
[PlyCount "81"]
[EventDate "2016.??.??"]
[WhiteTeam "SC Grunbach"]
[BlackTeam "SC Nied"]

1. e4 e5 2. Nf3 Nc6 3. Bc4 Bc5 4. a3 a6 5. b4 Ba7 6. Bb2 Nf6 7. Nc3 d6 8. h3 h6
9. d3 Be6 10. Bxe6 fxe6 11. Ne2 Qe7 12. c4 O-O 13. Qb3 Rad8 14. Ng3 d5 15. Nxe5
Nxe5 16. Bxe5 Bxf2+ 17. Ke2 Bxg3 18. Bxg3 dxe4 19. Rad1 exd3+ 20. Rxd3 Rxd3 21.
Qxd3 e5 22. Rf1 Rd8 23. Qf5 e4 24. Be5 Qd7 25. Qxd7 Rxd7 26. Bxf6 gxf6 27. Rxf6
Rd6 28. Rxd6 cxd6 29. Ke3 b5 30. cxb5 axb5 31. Kxe4 Kf7 32. Kd5 Ke7 33. Kc6 Ke6
34. Kxb5 d5 35. a4 Ke5 36. a5 d4 37. Kc4 Ke4 38. a6 d3 39. a7 d2 40. a8=Q+ Ke3
41. Qe8+ 1-0

[Event "Frankfurt Ch A 2016"]
[Site "Ffm-Höchst, BiKuZ"]
[Date "2016.04.25"]
[Round "1.54"]
[White "Masoudi, Kian"]
[Black "Klamser, Dietmar"]
[Result "1/2-1/2"]
[WhiteElo "1361"]
[BlackElo "1809"]
[PlyCount "87"]
[EventDate "2016.??.??"]
[WhiteTeam "SC Bergen-Enkheim"]
[BlackTeam "SC Groß-Umstadt"]

1. e4 d5 2. exd5 Qxd5 3. Nc3 Qd8 4. d4 Nf6 5. h3 e6 6. Nf3 h6 7. Bd3 c6 8. O-O
Nbd7 9. Bf4 Nb6 10. Qe2 Be7 11. Rae1 Nbd5 12. Bg3 O-O 13. Ne4 Nb4 14. Bc4 b5
15. Bb3 a5 16. c3 a4 17. Nxf6+ Bxf6 18. Bc2 Nxc2 19. Qxc2 Ba6 20. Rd1 Qd5 21.
b3 a3 22. Rfe1 Bb7 23. Qe4 Qxe4 24. Rxe4 c5 25. Ree1 Bxf3 26. gxf3 cxd4 27.
cxd4 Rfd8 28. Be5 Rac8 29. Bxf6 gxf6 30. Re2 Rd5 31. f4 Rcd8 32. Red2 e5 33.
fxe5 fxe5 34. Kg2 f5 35. Kf3 Kf7 36. Ke3 f4+ 37. Ke4 b4 38. Rd3 Ke6 39. dxe5
Rxd3 40. Rxd3 Rxd3 41. Kxd3 Kxe5 42. f3 Kd5 43. h4 h5 44. Ke2 1/2-1/2

[Event "Frankfurt Ch A 2016"]
[Site "Ffm-Höchst, BiKuZ"]
[Date "2016.04.25"]
[Round "1.55"]
[White "Rätsch, Kurt"]
[Black "Stulken, Dietmar"]
[Result "0-1"]
[WhiteElo "1790"]
[BlackElo "1349"]
[PlyCount "120"]
[EventDate "2016.??.??"]
[WhiteTeam "SF Schöneck"]
[BlackTeam "SF Frankfurt"]

1. f4 d5 2. Nf3 Nf6 3. e3 e6 4. Be2 Be7 5. O-O O-O 6. b3 c5 7. Bb2 Nc6 8. a4 a6
9. Na3 b6 10. Qe1 Ne4 11. Rd1 Bf6 12. c3 Bb7 13. d3 Nd6 14. e4 Ne8 15. e5 Be7
16. Nc2 g6 17. Ne3 f5 18. exf6 Bxf6 19. Ng4 Bg7 20. Ng5 Bc8 21. d4 h6 22. Qh4
hxg5 23. fxg5 Rf5 24. Rxf5 exf5 25. Nh6+ Bxh6 26. Qxh6 Ne7 27. dxc5 bxc5 28.
Bf3 c4 29. Ba3 Ra7 30. Bc5 Rd7 31. bxc4 Ng7 32. cxd5 Nxd5 33. Bxd5+ Rxd5 34.
Bd4 Rxd4 35. Rxd4 Qb6 36. Qh3 Ne6 37. Qd3 Nxd4 38. cxd4 Qe6 39. h3 Qe4 40. Qc4+
Be6 41. Qc3 f4 42. Qb4 Qe3+ 43. Kh2 Qg3+ 44. Kg1 f3 45. Qd2 Qxg2+ 46. Qxg2 fxg2
47. Kxg2 a5 48. Kf3 Bxh3 49. Ke4 Kf7 50. d5 Ke7 51. Ke5 Bf5 52. Kd4 Kd6 53. Kc4
Be4 54. Kb5 Bxd5 55. Kxa5 Ke5 56. Kb4 Kf4 57. Kc3 Kxg5 58. Kd2 Kf4 59. Ke2 Kg3
60. Kf1 Kh2 0-1

[Event "Frankfurt Ch A 2016"]
[Site "Ffm-Höchst, BiKuZ"]
[Date "2016.04.25"]
[Round "1.56"]
[White "Höche, Alexander"]
[Black "Koellner, Ulrich"]
[Result "1-0"]
[WhiteElo "1276"]
[BlackElo "1785"]
[PlyCount "54"]
[EventDate "2016.??.??"]
[WhiteTeam "vereinslos"]
[BlackTeam "SV Hofheim"]

1. d4 Nf6 2. c4 g6 3. Nc3 d5 4. cxd5 Nxd5 5. e4 Nxc3 6. bxc3 Bg7 7. Ba3 O-O 8.
Nf3 b6 9. Bc4 Re8 10. Qb3 e6 11. O-O Nc6 12. Qc2 Bb7 13. Rfe1 Na5 14. Bb3 Rc8
15. Rad1 Qf6 16. Bc1 Qe7 17. Ba4 Bc6 18. Bxc6 Nxc6 19. e5 Na5 20. Bg5 Qf8 21.
Nd2 h6 22. Bh4 g5 23. Bg3 c5 24. Qa4 cxd4 25. cxd4 f5 26. exf6 Bxf6 27. Ne4 Rc4
1-0